AH International Schools' Libraries

The New Baby (Record no. 48093)

MARC details
000 -LEADER
fixed length control field 00366nam a22001217a 4500
008 - FIXED-LENGTH DATA ELEMENTS--GENERAL INFORMATION
fixed length control field 241211b |||||||| |||| 00| 0 eng d
020 ## - INTERNATIONAL STANDARD BOOK NUMBER
International Standard Book Number 9780198482642
100 ## - MAIN ENTRY--PERSONAL NAME
Personal name Roderick Hunt (Author), Alex Brychta (Illustrator)
9 (RLIN) 85859
245 ## - TITLE STATEMENT
Title The New Baby
260 ## - PUBLICATION, DISTRIBUTION, ETC. (IMPRINT)
Place of publication, distribution, etc United Kingdom
Name of publisher, distributor, etc Roderick Hunt
Date of publication, distribution, etc 2011
300 ## - PHYSICAL DESCRIPTION
Extent 24 p
Other physical details col. ill.
Dimensions 9 x 6 x 1.25 inches
942 ## - ADDED ENTRY ELEMENTS (KOHA)
Source of classification or shelving scheme
Holdings
Withdrawn status Lost status Source of classification or shelving scheme Damaged status Not for loan Collection code Home library Current library Date acquired Total Checkouts Full call number Barcode Date last seen Price effective from Koha item type
          Non-Fiction Asian Hope Siem Reap Asian Hope Siem Reap 12/11/2024   642 ROD 207771 12/11/2024 12/11/2024 Book

For any Logos Library related questions please contact Miss Art at swongnarasuk@asianhope.org.

For any Asian Hope Library related questions please contact Miss Raza at graza@asianhope.org.

Powered by Koha